000 00304nam a2200121Ia 4500
008 190216s9999||||xx |||||||||||||| ||und||
100 _aWilliam E Conley
245 0 _aBasic Of Beginners
260 _bGalgotia Pub
_c1990
300 _a162p
650 _a"Computer Programming. Programs, Data"
942 _cBK
999 _c8492
_d8492